000
00326nam a22001337a 4500
008
170623b xxu||||| |||| 00| 0 eng d
020
_a
9780321099532
041
_a
eng
080
_a
32
100
_a
21
101
_a
SHP
245
_a
INSTRUCTORS MANUAL BANK AMERICANS NEW DEMOCRACY
_c
ALDKISON.D
942
_2
udc
_c
BK
999
_c
18973
_d
18973